Nyitott Európáért Díj 2003-ban a várt hazai források nem nyíltak meg, ...

Bibliographic Details
Main Author: Hunčík, Péter, 1951- (Author)
Format: Article
Language:Hungarian
PhysicalDescription:Fotogr.
Subjects:

MARC

LEADER 00000nab a2200000 a 4500
001 vtls000844308
003 SK-MaSNL
005 20260318140536.0
008 160405c2003 xo 0 hun
015 |a SNBRB2003/09-23635 
035 |a CLN000195963 
040 |a SNKBUCL  |b slo  |c SNKBUCL  |e AACR2 
041 0 |a hun 
044 |a xo  |c SK 
080 |a 061.27(437.6=945.11):061.7  |2 1997 
080 |a 323.15(=945.11)(437.6):06.068  |2 1997 
080 |a 06.068(437.6=945.11)  |2 1997 
100 1 |a Hunčík, Péter,  |d 1951-  |4 aut  |9 89765 
245 1 0 |a Nyitott Európáért Díj 2003-ban  |b a várt hazai források nem nyíltak meg, ...  |c Hunčík Péter 
300 |b Fotogr. 
610 7 |a Nadácia Sándora Máraiho  |x Cena Za otvorenú Európu  |y 2003  |2 snkbucl  |9 1112537 
650 0 7 |a Cena Za otvorenú Európu  |y 2003  |2 snkbucl  |9 1112538 
655 7 |a články z novín a časopisov  |2 snkbucl  |9 267496 
773 0 |t Új Szó  |g Roč. 56, č. 147 (27.6.2003) 
773 0 |t [Príl.] Gondolat  |g Roč. 3, č. 14 (2003), s. 11 
850 |a Slovenská národná knižnica v Martine 
852 |a SNK  |b KIS3GCP 
958 |a HU 
958 |a SK 
958 |a RBX 
999 |c 1837149  |d 1839079